Brettspiele - Top 100 BGG - Statistiken

Allgemein
  • Dieses Quiz wurde 48 mal gespielt
  • Das Durchschnittsergebnis liegt bei 20 aus 100
Antwortstatistiken
Platz Jahr Spiel % Korrekt
30 2019 Flügelschlag
63%
4 2021 Arche Nova
56%
1 2018 Brass: Birmingham
56%
7 2016 Terraforming Mars
53%
3 2017 Gloomhaven
50%
94 2010 7 Wonders
44%
48 2021 Cascadia
44%
16 2011 Die Burgen von Burgund
44%
51 2020 Pandemic Legacy: Season 0
44%
2 2015 Pandemic Legacy: Season 1
44%
57 2017 Pandemic Legacy: Season 2
44%
6 2020 Dune: Imperium
41%
17 2016 Scythe
41%
54 2007 Agricola
38%
78 2016 Agricola: Überarbeitete Neuauflage
38%
79 2017 Azul
38%
36 2018 Everdell
34%
19 2015 7 Wonders Duel
31%
25 2022 Frosthaven
31%
45 2002 Puerto Rico
31%
11 2017 Spirit Island
31%
29 2012 Terra Mystica
31%
38 2015 Viticulture Essential Edition
31%
27 2016 Arkham Horror: Das Kartenspiel
28%
23 2016 Ein Fest für Odin
28%
9 2016 Star Wars: Rebellion
28%
28 2020 Die verlorenen Ruinen von Arnak
25%
18 2020 Eclipse: Das zweite galaktische Zeitalter
25%
82 2011 Eclipse: New Dawn for the Galaxy
25%
12 2017 Gaia Project
25%
13 2005 Gleichgewicht des Schreckens
25%
21 2018 Nemesis
25%
52 2020 On Mars
25%
31 2018 Root
25%
71 2023 Sky Team
25%
5 2017 Twilight Imperium: Vierte Edition
25%
95 2015 Auf den Spuren von Marco Polo
22%
37 2021 Die Crew: Mission Tiefsee
22%
76 2019 Die Crew: Reist gemeinsam zum 9. Planeten
22%
67 2018 Die Quacksalber von Quedlinburg
22%
10 2020 Gloomhaven: Die Pranken des Löwen
22%
15 2016 Great Western Trail
22%
26 2021 Great Western Trail: Second Edition
22%
42 2022 Heat: Pedal to the Metal
22%
14 2015 Im Wandel der Zeitalter: Ein neue Geschichte der Zivilisation
22%
90 2006 Im Wandel der Zeiten: Eine Geschichte der Zivilisation
22%
83 2016 Klong!: Ein Deckbau-Abenteuer
22%
56 2017 Lisboa
22%
44 2018 Underwater Cities
22%
86 2023 Age of Innovation
19%
53 2015 Blood Rage
19%
20 2007 Brass: Lancashire
19%
24 2013 Concordia
19%
35 2019 Wasserkraft
19%
85 2014 Arler Erde
16%
49 2013 Caverna: Die Höhlenbauern
16%
8 2011 Der Ringkrieg: 2. Edition
16%
34 2011 Mage Knight: Das Brettspiel
16%
66 2019 Maracaibo
16%
32 2014 Orléans
16%
100 2022 Revive
16%
72 2015 The Gallerist
16%
63 2012 Tzolk'in: Der Maya-Kalender
16%
84 2016 Aeon's End
13%
46 2020 Kanban EV
13%
69 2008 Le Havre
13%
87 2018 Teotihuacan: Die Stadt der Götter
13%
33 2017 Too Many Bones
13%
39 2023 Dune: Imperium – Uprising
9%
91 1995 El Grande
9%
64 2004 Funkenschlag
9%
65 2015 Grand Austria Hotel
9%
77 2015 Kingdom Death: Monster
9%
22 2019 Klong! Legacy
9%
80 2007 Race for the Galaxy
9%
74 2012 Android: Netrunner
6%
88 2020 Beyond the Sun
6%
68 2017 Clans of Caledonia
6%
47 1876 Crokinole
6%
58 2019 Cthulhu: Death May Die
6%
61 2023 Hegemony: Lead Your Class to Victory
6%
40 2019 Marvel Champions: Das Kartenspiel
6%
60 2018 Obsession
6%
43 2019 Pax Pamir: Second Edition
6%
55 2021 Schlafende Götter
6%
50 2017 Anachrony
3%
96 2020 Die Suche nach Planet X
3%
41 2015 Food Chain Magnate
3%
98 2022 Klong!: Katakomben
3%
75 2016 Mechs vs. Minions
3%
70 2019 Paladine des Westfrankenreichs
3%
93 2012 Robinson Crusoe: Abenteuer auf der verfluchten Insel
3%
99 2019 Tainted Grail: Der Niedergang Avalons
3%
97 2018 Concordia Venus
0%
92 2010 Dominant Species
0%
81 2014 Five Tribes: Die Dschinn von Naqala
0%
89 2012 Lords of Waterdeep
0%
62 2022 Oathsworn: Into the Deepwood
0%
73 2014 Star Wars: Imperial Assault
0%
59 2016 Villen des Wahnsinns: Zweite Edition
0%
Keine übereinstimmenden Quizze gefunden
Verteilung der Resultate
Anzahl Personen mit jedem Resultat
Perzentil nach korrekt beantworteten Fragen
Ihre Resultats-Entwicklung
Sie haben dieses Quiz noch nicht gespielt